Bridging The Gap Consumer Awareness and Sustainable Logistics in the Hungarian Electronics Industry

Bibliográfiai részletek
Szerző: Nyitrai Dominik
További közreműködők: Domboróczky Dr. Zoltán
Dokumentumtípus: Diplomadolgozat
Kulcsszavak:electronics industry
logistics
purchasing behaviour
questionnaire research
sustainability
transportation
Online Access:http://dolgozattar.uni-bge.hu/59628

MARC

LEADER 00000nta a2200000 i 4500
001 dolg59628
005 20260409145327.0
008 260409suuuu hu om 000 eng d
040 |a BGE Dolgozattár Repozitórium  |b hun 
041 |a en 
100 1 |a Nyitrai Dominik 
245 1 0 |a Bridging The Gap  |b Consumer Awareness and Sustainable Logistics in the Hungarian Electronics Industry  |c Nyitrai Dominik  |h [elektronikus dokumentum] 
520 3 |a My thesis, titled "Bridging the Gap: Consumer Awareness and Sustainable Logistics in the Hungarian Electronics Industry," explores the environmental impact of logistics practices within Hungary's electronics sector. The study emphasizes the growing importance of sustainability in supply chain operations, particularly focusing on transportation, packaging, and waste management of electronic devices like televisions. Through a questionnaire-based survey, the research investigates consumer awareness of sustainability efforts, their influence on purchasing decisions, and willingness to pay premiums for eco-friendly options. The thesis aims to identify how consumer attitudes align with corporate sustainability strategies and offers recommendations for integrating more sustainable logistics practices. It also discusses broader environmental challenges such as e-waste and the role of reverse logistics, highlighting the need for innovative solutions to balance ecological responsibility with market competitiveness. The research hypotheses examine correlations between consumer education, awareness levels, and purchasing behavior concerning sustainable logistics. Overall, the work provides valuable insights into the intersection of consumer behavior, environmental sustainability, and logistics in Hungary's electronics industry. 
695 |a electronics industry 
695 |a logistics 
695 |a purchasing behaviour 
695 |a questionnaire research 
695 |a sustainability 
695 |a transportation 
700 1 |a Domboróczky Dr. Zoltán  |e ths 
856 4 0 |u http://dolgozattar.uni-bge.hu/59628/1/NYD%20THESIS%20FINAL%202%20PDF.pdf  |z Dokumentum-elérés 
856 4 0 |u http://dolgozattar.uni-bge.hu/59628/2/Nyitrai%20Dominik_BA%20KM%20angol%20b%C3%ADr%C3%A1lati%20lap%20BELS%C5%90.pdf  |z Dokumentum-elérés 
856 4 0 |u http://dolgozattar.uni-bge.hu/59628/3/Dominik_Nyitrai_BA%20KM%20angol%20b%C3%ADr%C3%A1lati%20lap%20K%C3%9CLS%C5%90.pdf  |z Dokumentum-elérés